000 00670nam a2200229Ia 4500
003 OSt
005 20220928114853.0
006 a|||||r|||| 00| 0
007 ta
008 220927b |||||||| |||| 00| 0 eng d
024 _a41072
037 _cTextual
040 _aSDCL
_cSDCL
_beng
041 _2eng
_aeng
082 _aV2,41C'N69, M1
100 _aSingh Mahendra Prasad
_9441697
245 0 _aSplit in a predominant party
_b The Indian National Congress in 1969
260 _aNew Delhi
_bAbhinav Publications
_c1981
300 _ax,319p
_ccm.
942 _hV2,41C'N69, M1
_cTEXL
_2CC
999 _c757073
_d757073